Hệ thống rào cản môi trường trong thương mại quốc tế và một số giải pháp đối với hàng xuất khẩu ở Việt Nam/

Wedi'i Gadw mewn:
Manylion Llyfryddiaeth
Prif Awdur: Bùi Hữu Đạo
Fformat: Erthygl
Iaith:Vietnamese
Pynciau:
Tagiau: Ychwanegu Tag
Dim Tagiau, Byddwch y cyntaf i dagio'r cofnod hwn!
Thư viện lưu trữ: Thư viện Trường Đại học Đà Lạt
LEADER 00877nam a2200277 4500
001 DLU040029381
040 # # |a DLU  |b vie 
041 # # |a vie 
044 # # |a vn 
100 # # |a Bùi Hữu Đạo 
245 # # |a Hệ thống rào cản môi trường trong thương mại quốc tế và một số giải pháp đối với hàng xuất khẩu ở Việt Nam/  |c Bùi Hữu Đạo 
653 # # |a Chính sách môi trường 
653 # # |a Hàng xuất khẩu 
653 # # |a Thương mại quốc tế 
773 # # |t Bảo vệ môi trường  |g Số 8, 2003, tr 26 - 28. 
920 # # |a Phòng Tạp chí -- Trung tâm Thông tin - Thư viện Trường Đại học Đà Lạt 
933 # # |a MT 
933 # # |a QT 
994 # # |a DLU 
900 # # |a True 
911 # # |a Lê Nguyên Khang 
925 # # |a G 
926 # # |a A 
927 # # |a BB 
980 # # |a Thư viện Trường Đại học Đà Lạt